Places To Study
There are group study rooms, individual study carrels, computer labs, and other spaces to study in the Libraries.
Reserve A Group Room| 000 -LEADER | |
|---|---|
| fixed length control field | 00854nam a22002297a 4500 |
| 003 - CONTROL NUMBER IDENTIFIER | |
| control field | OSt |
| 005 - DATE AND TIME OF LATEST TRANSACTION | |
| control field | 20251221141818.0 |
| 008 - FIXED-LENGTH DATA ELEMENTS--GENERAL INFORMATION | |
| fixed length control field | 251221b |||||||| |||| 00| 0 eng d |
| 040 ## - CATALOGING SOURCE | |
| Transcribing agency | DCL |
| 082 ## - DEWEY DECIMAL CLASSIFICATION NUMBER | |
| Classification number | 923.2591 |
| 100 1# - MAIN ENTRY--PERSONAL NAME | |
| Personal name | Nassif, Ramses |
| 245 10 - TITLE STATEMENT | |
| Title | U Thant in New York, 1961-1971 : a portrait of the third UN Secretary-General / |
| Statement of responsibility, etc. | Ramses Nassif ; with a foreword by Sir Brian Urquhart |
| 260 ## - PUBLICATION, DISTRIBUTION, ETC. | |
| Place of publication, distribution, etc. | New York : |
| Name of publisher, distributor, etc. | St. Martin's Press, |
| Date of publication, distribution, etc. | 1988. |
| 300 ## - PHYSICAL DESCRIPTION | |
| Extent | x, 140 pages : |
| Other physical details | illustrations ; |
| Dimensions | 20 cm. |
| 500 ## - GENERAL NOTE | |
| General note | United Nations. Thant, U,. 1909-1974 (BNB/PRECIS)<br/>Includes index. |
| 650 ## - SUBJECT ADDED ENTRY--TOPICAL TERM | |
| Topical term or geographic name entry element | United Nations. Secretary General |
| General subdivision | Biography |
| 650 ## - SUBJECT ADDED ENTRY--TOPICAL TERM | |
| Topical term or geographic name entry element | Statesmen |
| Geographic subdivision | Burma |
| General subdivision | Biography |
| 650 ## - SUBJECT ADDED ENTRY--TOPICAL TERM | |
| Topical term or geographic name entry element | United Nations |
| Form subdivision | History |
| 650 ## - SUBJECT ADDED ENTRY--TOPICAL TERM | |
| Topical term or geographic name entry element | World politics |
| Form subdivision | 1955-1965 |
| 700 1# - ADDED ENTRY--PERSONAL NAME | |
| Personal name | Urquhart, Brian , Sir. |
| 942 ## - ADDED ENTRY ELEMENTS (KOHA) | |
| Source of classification or shelving scheme | Dewey Decimal Classification |
| Koha item type | Short Term |
| Suppress in OPAC | No |
| Withdrawn status | Lost status | Source of classification or shelving scheme | Damaged status | Not for loan | Collection | Accession No. | Home library | Current library | Shelving location | Date acquired | Total checkouts | Full call number | Barcode | Date last seen | Price effective from | Koha item type |
|---|---|---|---|---|---|---|---|---|---|---|---|---|---|---|---|---|
| Dewey Decimal Classification | English Collection | 4442 | Dhammadhara | Dhammadhara | English Shelves | 21/12/2025 | 923.2591 Na 4442 | EB00004442 | 21/12/2025 | 21/12/2025 | Short Term |